000 00668nam a2200217 a 4500
001 000012238
005 20200929162745.0
008 091106s1972 ve 000 f spa d
040 _aDO-SdBNP
_bspa
_cBNPHU
082 _aV863.4
_bP124p
100 1 _aPadrón, Julián,
_d1910-1954
_928886
245 1 0 _aPrimavera nocturna /
_cJulián Padrón.
260 _aCaracas, Venezuela :
_bMonte Ávila,
_c1972.
300 _a169 p. ;
_c16 cm.
490 1 _aBiblioteca popular. El Dorado
_v42
650 4 _aNovela venezolana
_93962
650 4 _aLiteratura venezolana
_ySIGLO XX
_99777
830 0 _aBiblioteca popular.
_pEl Dorado;
_v42
_913605
910 _aWM
049 _aBNGR
999 _c11897
_d11897